Wheeler's dental Anatomy, Physiology & Occlusion (Record no. 22702)

MARC details
000 -LEADER
fixed length control field 00433nam a22001697a 4500
003 - CONTROL NUMBER IDENTIFIER
control field SGT
020 ## - INTERNATIONAL STANDARD BOOK NUMBER
International Standard Book Number 9788131262177
082 ## - DEWEY DECIMAL CLASSIFICATION NUMBER
Classification number 611
Item number W20N
100 ## - MAIN ENTRY--PERSONAL NAME
Personal name Nelson, Stanley J.
245 ## - TITLE STATEMENT
Title Wheeler's dental Anatomy, Physiology & Occlusion
250 ## - EDITION STATEMENT
Edition statement 11th South Asia
260 ## - PUBLICATION, DISTRIBUTION, ETC. (IMPRINT)
Name of publisher, distributor, etc Elsevier
Year of Publication 2020
300 ## - PAGE DESCRIPTION
No. of Pages 328
650 ## - SUBJECT ADDED ENTRY--TOPICAL TERM
Topical term or geographic name as entry element Anatomy; Physiology; Occlusion
653 ## - KEYWORDS--INDEX TERM
Keyword term Anatomy; Physiology; Occlusion
942 ## - ADDED ENTRY ELEMENTS (KOHA)
Source of classification or shelving scheme Dewey Decimal Classification
Koha item type Books
942 ## - ADDED ENTRY ELEMENTS (KOHA)
-- 386
Holdings
Withdrawn status Lost status Source of classification or shelving scheme Damaged status Not for loan Home library Current library Shelving location Date acquired Vendor Name Cost, normal purchase price SGTU Bill Number Full call number Accession No. (Barcode) Date last seen Bill Date Koha item type Total Checkouts Date last borrowed
    Dewey Decimal Classification   Not For Loan SGT Dental Library SGT Dental Library Reference Book 05/05/2022 Ahuja Book Co. Pvt. Ltd. 1360.00 SGTU 14353 611 W20N FD8604 05/05/2022 16/04/2022 Books    
    Dewey Decimal Classification     SGT Dental Library SGT Dental Library   05/05/2022 Ahuja Book Co. Pvt. Ltd. 1360.00 SGTU 14353 611 W20N FD8605 13/01/2026 16/04/2022 Books 128 12/01/2026
    Dewey Decimal Classification     SGT Dental Library SGT Dental Library   05/05/2022 Ahuja Book Co. Pvt. Ltd. 1360.00 SGTU 14353 611 W20N FD8606 28/10/2024 16/04/2022 Books 84 16/01/2024
    Dewey Decimal Classification     SGT Dental Library SGT Dental Library   05/05/2022 Ahuja Book Co. Pvt. Ltd. 1360.00 SGTU 14353 611 W20N FD8607 04/05/2026 16/04/2022 Books 91 04/05/2026
    Dewey Decimal Classification     SGT Dental Library SGT Dental Library   05/05/2022 Ahuja Book Co. Pvt. Ltd. 1360.00 SGTU 14353 611 W20N FD8608 18/05/2026 16/04/2022 Books 149 18/05/2026